| 000 | 00338nam a2200121Ia 4500 | ||
|---|---|---|---|
| 005 | 20260326100032.0 | ||
| 008 | 260326s9999||||xx |||||||||||||| ||und|| | ||
| 100 | _aShimode,Genshichi | ||
| 245 | 0 |
_aContemporary Architecture of the World : _b1961 / _cGenshichi Shimode |
|
| 260 | _bShokokusha | ||
| 650 | _aARQUITECTURA REGIONAL | ||
| 942 | _cBK | ||
| 999 |
_c6630 _d6630 |
||